000 01434nam a2200289 a 4500
001 000034045
003 DO-SdBPM
005 20260123113235.0
007 ta
008 110921s19uu dr ac r 000 0 spa d
040 _aDO-SdBPM
_bspa
_cBPMSU
_drda
082 4 _a781.17
_bA634c
_222
100 1 _aAntolín, Teófilo
_eautor
_4aut.
245 1 0 _aCompendio de cultura musical /
_cTeófilo Antolín.
264 _aSanto Domingo :
_bAvante- Promociones Culturales,
_c[199-?].
300 _a[144 páginas ] :
_bilustraciones, retrato ;
_c21 cm.
336 _atexto
_btxt
_2rdacontent
337 _asin mediación
_bn
_2rdamedia
338 _avolumen
_bnc
_2rdacarrier
505 0 _aLa música en la edad antigua 45 -- La música en la edad media 51 -- La música en el renacimiento 57 -- La época barroca 61-- El clasicismo 67 --Ludwig van Beethoven (1770-1827) 73 -- El romanticismo 77 -- Post-romanticismo o periodo de transición 89 -- El nacionalismo musical (I) 95 -- El nacionalismo musical (II) 101 -- Impresionismo, expresionismo y últimas tendencias en la música 107|XVII América y su música 115| -- a música en la República Dominicana 121 -- Formas musicales (I) 125 -- Formas musicales (II) 131.
590 _aInventariado, 2026/VM
650 7 _a Música
_xEnseñanza
_2
650 7 _a Música
_xHistoria
650 7 _aInstrumentos musicales
910 _aVMateo V. Control de calidad. BPMSU
942 _2ddc
_cBK
999 _c15622
_d15622